[Event "23rd Mikhail Chigorin Memorial"]
[Site "Sochi URS"]
[Date "1989.??.??"]
[Round "?"]
[White "Schlosser, Michael"]
[Black "Vyzmanavin, Alexey"]
[WhiteElo "2430"]
[BlackElo "2555"]
[Result "0-1"]
[EventDate "1989.??.??"]
[PlyCount "80"]

1. e4 c5 2. Nf3 e6 3. d4 cxd4 4. Nxd4 a6 5. Bd3 Qc7 6. O-O Nf6 7. Qe2 d6 8. f4
g6 9. f5 Bg7 10. fxe6 fxe6 11. Bc4 Nc6 12. Be3 Nxd4 13. Bxd4 O-O 14. Nd2 Bd7
15. c3 Nh5 16. Qe3 b5 17. Bb3 Kh8 18. Rad1 Nf6 19. h3 e5 20. Bb6 Qb7 21. Nf3
Bc6 22. Rxd6 Nxe4 23. Rxc6 Qxc6 24. Rd1 Bh6 25. Qxh6 Qxb6+ 26. Kh2 Qf6 27. Bc2
Qf4+ 28. Qxf4 Rxf4 29. Nxe5 Re8 30. Nf3 Nc5 31. Rd5 Na4 32. Kg3 Rf6 33. Bxa4
bxa4 34. Nd4 a3 35. bxa3 Re3+ 36. Kg4 Kg7 37. Rd7+ Rf7 38. Rxf7+ Kxf7 39. Nb3
Rxc3 40. a4 Rc2 0-1

[Event "23rd Mikhail Chigorin Memorial"]
[Site "Sochi URS"]
[Date "1989.??.??"]
[Round "?"]
[White "Ulibin, Mikhail"]
[Black "Nun, Jiri"]
[WhiteElo "2495"]
[BlackElo "2475"]
[Result "1-0"]
[EventDate "1989.??.??"]
[PlyCount "85"]

1. e4 {Boensch} 1... c5 2. Nf3 Nc6 3. d4 cxd4 4. Nxd4 Nf6 5. Nc3 e5 6. Ndb5 d6
7. Bg5 a6 8. Na3 b5 9. Bxf6 gxf6 10. Nd5 f5 11. Bd3 Be6 12. O-O Bg7 13. Qh5 f4
14. c4 bxc4 15. Bxc4 O-O 16. Rac1 Nd4 (16... Rb8 17. b3 Qa5 18. Bd3 Nb4 19. Nc4
Qd8 20. Nxb4 Rxb4 21. Rfd1 Rb7 22. Be2 $14 {
Horvath,Cs-Nokso-Koivisto Haifa 1989}) 17. Nc2 Nxc2 18. Rxc2 Kh8 19. Rfc1 Rc8
20. b4 (20. Bxa6 Rxc2 21. Rxc2 Qa5 $15) 20... a5 21. a3 axb4 22. axb4 Rb8 23.
Bd3 $1 Qd7 24. b5 Qa7 25. b6 Qa5 26. g3 fxg3 27. hxg3 h6 28. g4 $40 Rg8 29. Ne7
Qxb6 30. Nxg8 Rxg8 31. Bc4 $1 (31. Be2 Qd4 32. Bf3 Bf8 $44) 31... Bxg4 32. Qxf7
Rf8 33. Qg6 Bd7 34. Bf7 Qd8 35. Rc7 Qe7 36. Bd5 Rf6 37. Qg2 Qe8 38. R1c3 Bg4
39. Rg3 h5 40. f3 Qb5 41. Kh2 Qb6 42. Rb7 Qc5 43. Rh3 $1 1-0

[Event "23rd Mikhail Chigorin Memorial"]
[Site "Sochi URS"]
[Date "1989.??.??"]
[Round "?"]
[White "Ulibin, Mikhail"]
[Black "Ruban, Vadim"]
[WhiteElo "2495"]
[BlackElo "2515"]
[Result "0-1"]
[EventDate "1989.??.??"]
[PlyCount "75"]

1. e4 {Boensch} 1... c5 2. Nf3 d6 3. d4 cxd4 4. Nxd4 Nf6 5. Nc3 Nc6 6. Be3 Ng4
7. Bg5 (7. Bb5 $13) 7... h6 (7... Qb6 8. Bb5 Bd7 9. O-O h6 10. Be3 $14) 8. Bh4
g5 9. Bg3 Bg7 10. Nb3 $6 (10. Nxc6 Bxc3+ 11. bxc3 bxc6 12. Bc4 Qa5 13. Qf3 $13)
10... Bxc3+ $1 11. bxc3 Be6 12. h4 Rg8 13. hxg5 hxg5 14. Nd4 (14. Be2 Nge5 (
14... Nf6 15. f3 g4 16. Bf2 $15) 15. Qd2 Nc4 (15... Bc4 $2 16. Bxe5 Nxe5 17.
Bxc4 Nxc4 18. Qd5) (15... Qd7 $2 16. Qxg5) 16. Bxc4 Bxc4 $15) 14... Qa5 15. Qd2
Nge5 16. Bb5 O-O-O 17. Bxc6 Nxc6 18. Nxe6 fxe6 $17 19. O-O g4 20. Qh6 e5 21.
Qe6+ Kb8 22. Qb3 Rg6 23. Rab1 Qc7 24. Bh4 Rf8 25. Rfd1 Nd8 26. a4 Ne6 27. a5
Nf4 28. Rd2 Rg7 29. g3 Nh3+ 30. Kg2 Rgf7 $19 31. Qe6 (31. Rf1 Qc5) 31... Rxf2+
32. Rxf2 Rxf2+ 33. Kh1 Qxc3 34. Qb3 Qc6 35. Re1 Rf1+ $1 (35... Rf1+ $1 36. Rxf1
Qxe4+ 37. Kh2 Qe2+ 38. Kh1 Qxf1+) 0-1

[Event "23rd Mikhail Chigorin Memorial"]
[Site "Sochi URS"]
[Date "1989.??.??"]
[Round "?"]
[White "Ulibin, Mikhail"]
[Black "Vyzmanavin, Alexey"]
[WhiteElo "2495"]
[BlackElo "2555"]
[Result "1/2-1/2"]
[EventDate "1989.??.??"]
[PlyCount "51"]

1. e4 c5 2. Nf3 Nc6 3. d4 cxd4 4. Nxd4 Nf6 5. Nc3 e5 6. Ndb5 d6 7. Bg5 a6 8.
Na3 b5 9. Bxf6 gxf6 10. Nd5 Bg7 11. Bd3 Ne7 12. Nxe7 Qxe7 13. c3 f5 14. Nc2 Bb7
15. Ne3 fxe4 16. Nf5 Qf6 17. Bxe4 d5 18. Bxd5 Rd8 19. Qg4 Rxd5 20. Qxg7 Qxg7
21. Nxg7+ Ke7 22. Nf5+ Ke6 23. Ne3 Rd7 24. Rd1 Rxd1+ 25. Kxd1 f5 26. Rg1
1/2-1/2

[Event "23rd Mikhail Chigorin Memorial"]
[Site "Sochi URS"]
[Date "1989.??.??"]
[Round "?"]
[White "Vyzmanavin, Alexey"]
[Black "Razuvaev, Yuri"]
[WhiteElo "2555"]
[BlackElo "2545"]
[Result "1/2-1/2"]
[EventDate "1989.??.??"]
[PlyCount "34"]

1. d4 Nf6 2. c4 e6 3. Nf3 c5 4. d5 exd5 5. cxd5 d6 6. Nc3 g6 7. g3 Bg7 8. Bg2
O-O 9. O-O a6 10. a4 Nbd7 11. Nd2 Re8 12. a5 b5 13. axb6 Nxb6 14. Nb3 Nc4 15.
Ra4 Nb6 16. Ra2 Nc4 17. Ra4 Nb6 1/2-1/2

[Event "23rd Mikhail Chigorin Memorial"]
[Site "Sochi URS"]
[Date "1989.??.??"]
[Round "?"]
[White "Vyzmanavin, Alexey"]
[Black "Ruban, Vadim"]
[WhiteElo "2555"]
[BlackElo "2515"]
[Result "1-0"]
[EventDate "1989.??.??"]
[PlyCount "61"]

1. d4 Nf6 2. c4 e6 3. Nf3 d5 4. Nc3 Nbd7 5. Bg5 Be7 6. e3 O-O 7. Qc2 c5 8.
O-O-O Qa5 9. h4 Nb6 $6 {N} (9... cxd4 10. Nxd4 Bb4) 10. Bd3 $1 h6 (10... dxc4
11. Bxh7+ Nxh7 12. Bxe7 Re8 13. Bxc5 $16) 11. Bxf6 Bxf6 12. g4 cxd4 13. exd4
dxc4 14. Bh7+ Kh8 15. g5 Be7 (15... hxg5 16. hxg5 Bxg5+ 17. Nxg5 Qxg5+ 18. Kb1
$18) 16. gxh6 gxh6 (16... g6 17. Bxg6 fxg6 18. Ne5 $18) 17. Rdg1 Nd7 18. Be4 f5
19. Qd2 $8 Rf6 20. Qf4 Qd8 (20... fxe4 21. Qg4 $18) 21. Bc2 Qf8 22. Ne5 Kh7 (
22... Nxe5 23. dxe5 Rf7 24. Rg6 Rh7 25. Rhg1 $18) 23. Ne4 $1 fxe4 24. Qxe4+ Rf5
25. Ng6 Qf7 26. Nxe7 Qxe7 27. Re1 Qd6 (27... Nf6 28. Qxf5+) 28. Qxe6 Qf4+ 29.
Qe3 Kg8 (29... Qxe3+ 30. fxe3 Kg6 31. Ref1 Nf8 32. Rhg1+ $18) 30. Bxf5 Qxf5 31.
Rhg1+ {Ftacnik} 1-0